000 00341nam a2200145Ia 4500
008 230718s9999 xx 000 0 und d
041 _aEng.
082 _a346.052
_bDOS -H
100 _aCosta, Roland
245 0 _aHolloway's Puchowe Hadbad
260 _aPakistan
_bLongman law pub
_c1983
300 _a328
650 _aLaw
999 _c26265
_d26265